000 00438nam a22001697a 4500
005 20251108165400.0
008 250721s2000 xx 000 0 ara d
082 1 4 _a811.9563/مظف
100 1 _aمظفر، مي
245 1 0 _aمحنة الفيروز /
264 1 _aعمان :
_bدار الفارس،
_c2000.
300 _a89ص.
650 1 7 _aالشعر العربي
650 1 7 _aالعراق
942 _2ddc
_cBK
999 _c26554
_d26554